Dumbo / (Record no. 111246)
[ view plain ]
| 000 -LEADER | |
|---|---|
| fixed length control field | 00393nam a2200157 a 4500 |
| 001 - CONTROL NUMBER | |
| control field | 1980 |
| 005 - DATE AND TIME OF LATEST TRANSACTION | |
| control field | 20140414131912.0 |
| 008 - FIXED-LENGTH DATA ELEMENTS--GENERAL INFORMATION | |
| fixed length control field | 040111s19uu xx 00 eng d |
| 050 ## - LIBRARY OF CONGRESS CALL NUMBER | |
| Classification number | ER |
| Item number | D89 1996 |
| 245 ## - TITLE STATEMENT | |
| Title | Dumbo / |
| Statement of responsibility, etc | Illustration by Zapp. |
| 260 ## - PUBLICATION, DISTRIBUTION, ETC. (IMPRINT) | |
| Place of publication, distribution, etc | Canada : |
| Name of publisher, distributor, etc | Brimar, |
| Date of publication, distribution, etc | 1996. |
| 300 ## - PHYSICAL DESCRIPTION | |
| Extent | 29 p. ; cm. |
| 650 ## - SUBJECT ADDED ENTRY--TOPICAL TERM | |
| Topical term or geographic name as entry element | Elephant |
| General subdivision | Fiction. |
| 650 ## - SUBJECT ADDED ENTRY--TOPICAL TERM | |
| Topical term or geographic name as entry element | Children stories. |
| Withdrawn status | Lost status | Damaged status | Home library | Current library | Shelving location | Date acquired | Source of acquisition | Total Checkouts | Full call number | Barcode | Date last seen | Price effective from | Koha item type |
|---|---|---|---|---|---|---|---|---|---|---|---|---|---|
| Munich Library | Munich Library | Easy Reading Section | 06/02/2010 | ER D89 1996 | M1869 | 04/14/2014 | 04/14/2014 | Books |